[Event "FICS rated blitz game"]
[Site "FICS freechess.org"]
[Date "2018.01.14"]
[Round "?"]
[White "jsssstplayinn"]
[Black "SomanNair"]
[Result "1-0"]
[WhiteElo "1566"]
[BlackElo "1503"]
[PlyCount "105"]
[EventDate "2018.??.??"]
[EventType "blitz"]

1. e4 e5 2. Nf3 Nc6 3. c3 Be7 4. d4 exd4 5. cxd4 d5 6. e5 Bg4 7. Be2 Bxf3 8.
Bxf3 h6 9. a3 Bg5 10. Nc3 Bxc1 11. Rxc1 Nge7 12. O-O Nf5 13. Bxd5 Ncxd4 14.
Bxb7 Rb8 15. Qa4+ Kf8 16. Be4 Ne7 17. Rcd1 c5 18. Nb5 Qb6 19. Nxd4 cxd4 20.
Qxd4 Qxd4 21. Rxd4 Ng6 22. Bxg6 fxg6 23. b4 Ke7 24. f4 Rhc8 25. Rfd1 Rc3 26.
Rd7+ Ke6 27. Rxa7 Kf5 28. Rxg7 Kxf4 29. Rf1+ Kxe5 30. Rxg6 Rxa3 31. Rxh6 Rxb4
32. Rh5+ Ke6 33. Rh6+ Ke7 34. Rh7+ Ke6 35. g3 Rb2 36. Rhf7 Raa2 37. R1f6+ Ke5
38. Rf5+ Ke4 39. Rf4+ Ke5 40. Re7+ Kd6 41. Re5 Kxe5 42. Kf1 Rxh2 43. Kg1 Rhg2+
44. Kf1 Rxg3 45. Rf2 Ke4 46. Rxa2 Rh3 47. Ra4+ Kf5 48. Ra5+ Kg4 49. Ra4+ Kg3
50. Ra3+ Kh2 51. Ra8 Rf3+ 52. Ke2 Ra3 53. Rxa3 1-0

[Event "FICS rated blitz game"]
[Site "FICS freechess.org"]
[Date "2018.01.14"]
[Round "?"]
[White "gunilla"]
[Black "micavangogh"]
[Result "1-0"]
[WhiteElo "1203"]
[BlackElo "1215"]
[PlyCount "37"]
[EventDate "2018.??.??"]
[EventType "blitz"]

1. e4 e5 2. Nf3 Nc6 3. c3 Nf6 4. d3 Bc5 5. Bg5 h6 6. Bxf6 Qxf6 7. Be2 d6 8. O-O
O-O 9. Nbd2 a6 10. Nb3 Ba7 11. d4 exd4 12. cxd4 Qg6 13. Nh4 Qg5 14. Nf3 Qg6 15.
Nh4 Qg5 16. Nf3 Qg4 17. e5 dxe5 18. Nxe5 Nxe5 19. Bxg4 {Black resigns} 1-0

[Event "FICS rated blitz game"]
[Site "FICS freechess.org"]
[Date "2018.01.14"]
[Round "?"]
[White "morts"]
[Black "KRozak"]
[Result "0-1"]
[WhiteElo "1211"]
[BlackElo "1211"]
[PlyCount "68"]
[EventDate "2018.??.??"]
[EventType "blitz"]

1. e4 e5 2. Nf3 Nc6 3. c3 Bc5 4. Be2 d6 5. O-O Nf6 6. d3 h6 7. Nbd2 O-O 8. b4
Bb6 9. a4 a6 10. Bb2 Bg4 11. c4 Re8 12. b5 axb5 13. axb5 Rxa1 14. Bxa1 Ne7 15.
d4 exd4 16. Bxd4 Bxd4 17. Nxd4 Bxe2 18. Nxe2 Ng6 19. Ng3 b6 20. Qf3 Ne5 21. Qf4
Re6 22. Nf3 Nxc4 23. e5 Nxe5 24. Nxe5 dxe5 25. Qg4 Nxg4 26. Ne4 Qh4 27. h3 Nf6
28. f3 Nxe4 29. fxe4 Qxe4 30. Kh2 Rd6 31. Rc1 Rd7 32. Rc6 Qd5 33. Rc1 Qxb5 34.
Re1 Rd5 {White resigns} 0-1

[Event "FICS rated blitz game"]
[Site "FICS freechess.org"]
[Date "2018.01.14"]
[Round "?"]
[White "BiH"]
[Black "warrem"]
[Result "1-0"]
[WhiteElo "1641"]
[BlackElo "1757"]
[PlyCount "73"]
[EventDate "2018.??.??"]
[EventType "blitz"]

1. e4 e5 2. Nf3 Nc6 3. c3 Be7 4. d4 d6 5. d5 Nb8 6. c4 Nf6 7. Nc3 a5 8. h3 h6
9. Bd3 Nbd7 10. Be3 b6 11. b3 Nh7 12. Qd2 Nc5 13. Bc2 Bd7 14. O-O Ng5 15. Nh2
O-O 16. f4 exf4 17. Bxf4 Bf6 18. Rae1 Re8 19. h4 Nh7 20. g3 Be5 21. Ne2 Nf8 22.
Bxh6 gxh6 23. Qxh6 Bg7 24. Qh5 Ng6 25. Ng4 Bxg4 26. Qxg4 Qe7 27. Nf4 Ne5 28.
Qh5 Qf6 29. Ne6 Qg6 30. Qxg6 fxg6 31. Nxc7 Rac8 32. Nxe8 Rxe8 33. Kg2 Rf8 34.
Rxf8+ Bxf8 35. Rf1 Bh6 36. Rf6 Ng4 37. Rxg6+ {Black resigns} 1-0

[Event "FICS rated blitz game"]
[Site "FICS freechess.org"]
[Date "2018.01.14"]
[Round "?"]
[White "lopencjo"]
[Black "akx"]
[Result "0-1"]
[WhiteElo "1855"]
[BlackElo "1784"]
[PlyCount "50"]
[EventDate "2018.??.??"]
[EventType "blitz"]

1. e4 e5 2. Nf3 Nc6 3. c3 Nf6 4. d4 exd4 5. e5 Nd5 6. cxd4 Bb4+ 7. Bd2 Bxd2+ 8.
Nbxd2 d6 9. Bc4 dxe5 10. dxe5 Bg4 11. Qb3 Bxf3 12. Nxf3 Nce7 13. O-O-O c6 14.
Qxb7 O-O 15. Rd2 Qa5 16. Qa6 Qc5 17. Kb1 Nb4 18. Qa4 Qxc4 19. Rc1 Qe4+ 20. Ka1
a5 21. a3 h6 22. Re1 Qg6 23. Nh4 Qe6 24. b3 Ned5 25. Kb2 Nb6 {White resigns}
0-1

[Event "FICS rated blitz game"]
[Site "FICS freechess.org"]
[Date "2018.01.14"]
[Round "?"]
[White "gunilla"]
[Black "carlosIL"]
[Result "1-0"]
[WhiteElo "1180"]
[BlackElo "1259"]
[PlyCount "65"]
[EventDate "2018.??.??"]
[EventType "blitz"]

1. e4 e5 2. Nf3 Nc6 3. c3 d6 4. d4 Bg4 5. d5 Nb8 6. Be2 Be7 7. O-O Nf6 8. Qd3
O-O 9. Bg5 h6 10. Bxf6 Bxf6 11. Nfd2 Bd7 12. Na3 a6 13. Ndc4 Bg5 14. Ne3 f5 15.
exf5 Bxe3 16. fxe3 Qf6 17. Bg4 Be8 18. e4 Bf7 19. Nc4 Nd7 20. b4 a5 21. Bh3
axb4 22. cxb4 Ra4 23. a3 Rfa8 24. Ne3 Nb6 25. Ng4 Qg5 26. f6 g6 27. Qc3 h5 28.
Ne3 Rc8 29. Be6 Bxe6 30. dxe6 c5 31. f7+ Kg7 32. bxc5 Rxc5 33. f8=Q+ {Black
resigns} 1-0

[Event "FICS rated blitz game"]
[Site "FICS freechess.org"]
[Date "2018.01.14"]
[Round "?"]
[White "jezebelben"]
[Black "Naujoel"]
[Result "1-0"]
[WhiteElo "1421"]
[BlackElo "1444"]
[PlyCount "69"]
[EventDate "2018.??.??"]
[EventType "blitz"]

1. e4 e5 2. Nf3 Nc6 3. c3 Be7 4. d4 d6 5. d5 Nb8 6. Be2 Nf6 7. O-O O-O 8. Nbd2
c6 9. c4 b5 10. b3 a6 11. h3 Bb7 12. Nh2 Nbd7 13. Ng4 Nxg4 14. Bxg4 Nf6 15. f4
cxd5 16. exd5 exf4 17. Rxf4 Nxg4 18. Rxg4 Bc8 19. Rf4 Bg5 20. Rf1 Be3+ 21. Kh1
bxc4 22. Nxc4 Bc5 23. Ne3 Qh4 24. Nf5 Bxf5 25. Rxf5 Rfe8 26. Bg5 Qg3 27. Bf4
Qf2 28. Qg4 Re1+ 29. Rxe1 Qxe1+ 30. Kh2 Qg1+ 31. Kg3 Bf2+ 32. Kf3 Be1 33. Bg3
Qf1+ 34. Ke3 Re8+ 35. Kd4 1-0

[Event "FICS rated blitz game"]
[Site "FICS freechess.org"]
[Date "2018.01.14"]
[Round "?"]
[White "BiH"]
[Black "gargiulo"]
[Result "0-1"]
[WhiteElo "1677"]
[BlackElo "1630"]
[PlyCount "24"]
[EventDate "2018.??.??"]
[EventType "blitz"]

1. e4 e5 2. Nf3 Nc6 3. c3 d5 4. Qa4 f6 5. Bb5 Nge7 6. exd5 Qxd5 7. O-O e4 8.
Re1 exf3 9. Bc4 Qf5 10. d4 Bd7 11. Qb3 Qg6 12. Be6 Qxg2# {White checkmated} 0-1

[Event "FICS rated blitz game"]
[Site "FICS freechess.org"]
[Date "2018.01.14"]
[Round "?"]
[White "sasfro"]
[Black "bapirajnibbsr"]
[Result "0-1"]
[WhiteElo "1263"]
[BlackElo "1098"]
[PlyCount "78"]
[EventDate "2018.??.??"]
[EventType "blitz"]

1. e4 e5 2. Nf3 Nc6 3. c3 Nf6 4. d4 Nxe4 5. Bd3 d5 6. dxe5 Bc5 7. Bxe4 dxe4 8.
Qxd8+ Kxd8 9. Ng5 Ke7 10. O-O Nxe5 11. Nxe4 Bb6 12. Bf4 f6 13. Nbd2 Re8 14.
Bxe5 fxe5 15. Nc4 Kf7 16. Nxb6 axb6 17. Rad1 Bf5 18. Ng3 g6 19. a3 Rad8 20.
Nxf5 gxf5 21. Rfe1 Kf6 22. f3 Ke6 23. Kf2 Rd6 24. f4 e4 25. Rxd6+ cxd6 26. Rd1
d5 27. Ke3 Rf8 28. Rd4 Rc8 29. Rb4 Rc6 30. Rb5 Kd6 31. Rb4 Kc7 32. Rd4 Rd6 33.
Kf2 b5 34. h3 h5 35. Kg3 Rg6+ 36. Kf2 Kc6 37. Rd2 h4 38. Ke3 Rg3+ 39. Kd4 Kd6
0-1

[Event "FICS rated blitz game"]
[Site "FICS freechess.org"]
[Date "2018.01.14"]
[Round "?"]
[White "BiH"]
[Black "Caarreeyy"]
[Result "0-1"]
[WhiteElo "1622"]
[BlackElo "1688"]
[PlyCount "84"]
[EventDate "2018.??.??"]
[EventType "blitz"]

1. e4 e5 2. Nf3 Nc6 3. c3 Bc5 4. d4 exd4 5. cxd4 Bb4+ 6. Nc3 d5 7. e5 Bg4 8.
Be2 Bxf3 9. Bxf3 Nge7 10. Bg5 h6 11. Be3 O-O 12. O-O Bxc3 13. bxc3 Nf5 14. Bc1
Nh4 15. Be2 f5 16. f4 Ng6 17. Ba3 Nge7 18. Bh5 g6 19. Bf3 Rf7 20. Qe1 Rg7 21.
Qh4 g5 22. Qxh6 gxf4 23. Qe6+ Kh8 24. Bh5 Qg8 25. Qxg8+ Raxg8 26. Bf3 a6 27.
Rfd1 Rxg2+ 28. Bxg2 f3 29. Rd2 fxg2 30. Rxg2 Rf8 31. Rf1 f4 32. Rf3 Rf7 33.
Rh3+ Rh7 34. Rxh7+ Kxh7 35. Rg5 Ng6 36. Kf2 Kh6 37. Rg4 Kh5 38. h3 Nd8 39. Bc1
Ne6 40. a4 c6 41. a5 Ng5 42. Kg2 f3+ 0-1

[Event "FICS rated blitz game"]
[Site "FICS freechess.org"]
[Date "2018.01.14"]
[Round "?"]
[White "Flyinghooves"]
[Black "pinakimehra"]
[Result "1-0"]
[WhiteElo "1163"]
[BlackElo "1276"]
[PlyCount "39"]
[EventDate "2018.??.??"]
[EventType "blitz"]

1. e4 e5 2. Nf3 Nc6 3. c3 Bc5 4. Bc4 d6 5. Qb3 Qf6 6. d4 exd4 7. Bg5 Qg6 8. O-O
Be6 9. Bd5 h6 10. Bh4 Nge7 11. Bxc6+ Nxc6 12. Qxb7 O-O 13. Qxc6 dxc3 14. Nxc3
Bb6 15. Qb7 Bh3 16. Bg3 Bg4 17. Nh4 Qe6 18. Nd5 Rab8 19. Qc6 Qxe4 20. Nf6+ {
Black resigns} 1-0

[Event "FICS rated standard game"]
[Site "FICS freechess.org"]
[Date "2018.01.14"]
[Round "?"]
[White "bhekisipho"]
[Black "terza"]
[Result "1-0"]
[WhiteElo "1790"]
[BlackElo "1785"]
[PlyCount "69"]
[EventDate "2018.??.??"]

1. e4 e5 2. Nf3 Nc6 3. c3 Bc5 4. Bc4 d6 5. O-O Nge7 6. Ng5 d5 7. exd5 Nxd5 8.
Qf3 Qxg5 9. Bxd5 Qg6 10. d4 Bb6 11. dxe5 O-O 12. Be4 Nxe5 13. Qf4 Qh5 14. Be3
Re8 15. Bxb6 axb6 16. f3 c6 17. Nd2 f5 18. Bc2 b5 19. Bb3+ Kh8 20. c4 Nd3 21.
Qd4 Nb4 22. cxb5 c5 23. Qxc5 Nd3 24. Qd4 Qg5 25. Qxd3 f4 26. Ne4 Qg6 27. Qd2
Bh3 28. Kh1 Red8 29. Qf2 Bf5 30. Rad1 Re8 31. Nd6 Re3 32. Nf7+ Kg8 33. Ne5+
Rxb3 34. Nxg6 hxg6 35. axb3 {Black resigns} 1-0

[Event "FICS rated blitz game"]
[Site "FICS freechess.org"]
[Date "2018.01.14"]
[Round "?"]
[White "brandnothing"]
[Black "jsssstplayinn"]
[Result "0-1"]
[WhiteElo "1524"]
[BlackElo "1615"]
[PlyCount "120"]
[EventDate "2018.??.??"]
[EventType "blitz"]

1. e4 e5 2. Nf3 Nc6 3. c3 d6 4. d3 Nf6 5. Bd2 Bg4 6. Na3 Be7 7. Nc2 O-O 8. Be2
h6 9. h3 Bxf3 10. gxf3 Nh7 11. Rg1 Bg5 12. Bxg5 Nxg5 13. h4 Nh3 14. Rg3 Qxh4
15. Kd2 Nf4 16. Qg1 g6 17. Qf1 Kh7 18. Ne3 Nh5 19. Ng2 Nxg3 20. fxg3 Qxg3 21.
Ne3 Qf4 22. Qh1 Ne7 23. Rg1 d5 24. Rg4 Qf6 25. Rh4 h5 26. Ng4 Qf4+ 27. Kc2 dxe4
28. fxe4 Ng8 29. b4 f5 30. exf5 Qxf5 31. Qxb7 Rfc8 32. Kd2 Nh6 33. Ne3 Qg5 34.
Rc4 Nf5 35. Re4 Nxe3 36. Rxe3 a5 37. b5 Rab8 38. Qc6 Rb6 39. Qd7+ Kh6 40. Qxc8
Rxb5 41. Bd1 Rb2+ 42. Bc2 Rxc2+ 43. Kxc2 Qxe3 44. Qf8+ Kg5 45. Qd8+ Kh6 46.
Qf8+ Kg5 47. Qd8+ Kg4 48. Qd7+ Kh4 49. Qe7+ g5 50. Qa3 Qe2+ 51. Kb3 Qxd3 52.
Qxa5 Qd1+ 53. Kc4 Qe2+ 54. Kb3 Qd1+ 55. Kc4 Qf1+ 56. Kb3 Qe2 57. Qb4+ g4 58.
Ka4 c6 59. Qb3 Qb5+ 60. Ka3 Qxb3+ 0-1

[Event "FICS rated blitz game"]
[Site "FICS freechess.org"]
[Date "2018.01.14"]
[Round "?"]
[White "jsssstplayinn"]
[Black "fluters"]
[Result "0-1"]
[WhiteElo "1620"]
[BlackElo "1668"]
[PlyCount "168"]
[EventDate "2018.??.??"]
[EventType "blitz"]

1. e4 e5 2. Nf3 Nc6 3. c3 Nf6 4. d4 exd4 5. e5 Nd5 6. cxd4 Bb4+ 7. Bd2 O-O 8.
Bxb4 Ndxb4 9. Be2 d6 10. a3 Nd5 11. O-O Bg4 12. Nbd2 Nf4 13. h3 Nxe2+ 14. Qxe2
Nxd4 15. Qe4 Bxf3 16. gxf3 dxe5 17. Rad1 Qg5+ 18. Kh2 Rad8 19. Rg1 Qf4+ 20.
Qxf4 exf4 21. Rg4 Nxf3+ 22. Kg2 Rxd2 23. Rxd2 Nxd2 24. Rxf4 c5 25. Rf5 b6 26.
b4 cxb4 27. axb4 Nc4 28. Rf4 Ne5 29. Re4 f6 30. f4 Nd3 31. Rd4 Nb2 32. Rd7 a5
33. bxa5 bxa5 34. Rb7 Nc4 35. Rc7 Ne3+ 36. Kf3 Re8 37. Ra7 Nc4 38. Rc7 Nd2+ 39.
Kf2 a4 40. Ra7 Re4 41. Kg3 h5 42. h4 Kh7 43. Ra5 Kg6 44. Ra7 Re3+ 45. Kf2 Rf3+
46. Ke2 a3 47. Kxd2 Rxf4 48. Rxa3 Rxh4 49. Ra5 Rg4 50. Ke2 f5 51. Kf3 Kg5 52.
Ra6 g6 53. Ra5 h4 54. Ra1 Rg3+ 55. Kf2 Kg4 56. Rh1 f4 57. Rh2 g5 58. Rh1 h3 59.
Rh2 Rg2+ 60. Rxg2+ hxg2 61. Kxg2 f3+ 62. Kf2 Kf4 63. Kf1 g4 64. Kf2 g3+ 65. Kg1
Ke4 66. Kf1 Kd3 67. Ke1 g2 68. Kf2 Kd2 69. Kg1 Ke1 70. Kh2 f2 71. Kxg2 f1=Q+
72. Kg3 Qf2+ 73. Kg4 Ke2 74. Kg5 Qf3 75. Kg6 Ke3 76. Kg5 Qf4+ 77. Kg6 Ke4 78.
Kg7 Qf5 79. Kg8 Ke5 80. Kg7 Qf6+ 81. Kg8 Ke6 82. Kh7 Qg5 83. Kh8 Kf6 84. Kh7
Qg7# {White checkmated} 0-1

[Event "FICS rated blitz game"]
[Site "FICS freechess.org"]
[Date "2018.01.14"]
[Round "?"]
[White "Prosten"]
[Black "Patrizia"]
[Result "0-1"]
[WhiteElo "1569"]
[BlackElo "1487"]
[PlyCount "54"]
[EventDate "2018.??.??"]
[EventType "blitz"]

1. e4 e5 2. Nf3 Nc6 3. c3 Nf6 4. Qc2 d5 5. exd5 Nxd5 6. d4 Bg4 7. Nxe5 Nxe5 8.
dxe5 Bc5 9. Bc4 O-O 10. O-O c6 11. Kh1 Qh4 12. Qe4 Bxf2 13. Bxd5 cxd5 14. Qxd5
Rad8 15. Qe4 Bg3 16. h3 Qh5 17. Qxg4 Qxg4 18. hxg4 f5 19. gxf5 Rd3 20. Bf4 Bxf4
21. Rxf4 Rd1+ 22. Kh2 Rfd8 23. a4 Rc1 24. Re4 Rdd1 25. e6 h5 26. Ra3 h4 27. Rb3
Rh1# {White checkmated} 0-1

[Event "FICS rated blitz game"]
[Site "FICS freechess.org"]
[Date "2018.01.14"]
[Round "?"]
[White "Tensecterror"]
[Black "Bobok"]
[Result "0-1"]
[WhiteElo "1295"]
[BlackElo "1551"]
[PlyCount "104"]
[EventDate "2018.??.??"]
[EventType "blitz"]

1. e4 e5 2. Nf3 Nc6 3. c3 d5 4. exd5 Qxd5 5. Be2 Nf6 6. O-O Bc5 7. c4 Qd8 8. d3
O-O 9. h3 Bf5 10. Nc3 e4 11. dxe4 Nxe4 12. Nxe4 Bxe4 13. Qxd8 Raxd8 14. Be3
Bxe3 15. fxe3 Nb4 16. b3 Nc2 17. Rac1 Nxe3 18. Rf2 Nf5 19. Ng5 Ng3 20. Nxe4
Nxe4 21. Bf3 Rfe8 22. Bxe4 Rxe4 23. Rcf1 f6 24. g4 Rd3 25. Kg2 h6 26. Rf5 Re2+
27. R5f2 Rdd2 28. Kg1 Rxa2 29. h4 Kf7 30. g5 Rxf2 31. Rxf2 Rxf2 32. Kxf2 hxg5
33. hxg5 f5 34. Kf3 g6 35. Kf4 Ke6 36. b4 a6 37. c5 Kd5 38. c6 b6 39. Ke3 a5
40. bxa5 bxa5 41. Kd3 a4 42. Kc3 f4 43. Kb4 f3 44. Kxa4 f2 45. Kb5 f1=Q+ 46.
Kb4 Qb1+ 47. Kc3 Qa2 48. Kd3 Qa3+ 49. Ke2 Ke4 50. Kd2 Qb3 51. Ke2 Qc2+ 52. Kf1
Kf3 {White resigns} 0-1

[Event "FICS rated blitz game"]
[Site "FICS freechess.org"]
[Date "2018.01.14"]
[Round "?"]
[White "monacan"]
[Black "iallip"]
[Result "1-0"]
[WhiteElo "1649"]
[BlackElo "1628"]
[PlyCount "89"]
[EventDate "2018.??.??"]
[EventType "blitz"]

1. e4 e5 2. Nf3 Nc6 3. c3 Nf6 4. d3 Be7 5. Be3 O-O 6. Nbd2 d5 7. Be2 d4 8. cxd4
exd4 9. Bf4 Bc5 10. a3 a5 11. h3 Re8 12. Bh2 Be6 13. O-O Rc8 14. Rb1 Ne7 15. b4
axb4 16. axb4 Bb6 17. Nc4 Bxc4 18. dxc4 Nxe4 19. Bd3 Nf5 20. c5 Ba7 21. Qb3 Nc3
22. Ra1 c6 23. Rxa7 b6 24. Bxf5 Qf6 25. Bd3 bxc5 26. bxc5 Nd5 27. Bd6 Ne7 28.
Qc4 Nd5 29. Qxd4 Qxd4 30. Nxd4 Nb4 31. Bc4 Nd5 32. Rfa1 h6 33. Rb7 Re4 34. Bxd5
cxd5 35. Nf5 Rd8 36. Ne7+ Kh7 37. Nxd5 Rd4 38. Ne3 R4xd6 39. cxd6 Rxd6 40. Rxf7
Re6 41. Raa7 Kg6 42. Rxg7+ Kh5 43. g3 Rxe3 44. Ra5+ Re5 45. Rxe5# {Black
checkmated} 1-0

[Event "FICS rated blitz game"]
[Site "FICS freechess.org"]
[Date "2018.01.14"]
[Round "?"]
[White "proximab"]
[Black "Geforce"]
[Result "0-1"]
[WhiteElo "2067"]
[BlackElo "2104"]
[PlyCount "50"]
[EventDate "2018.??.??"]
[EventType "blitz"]

1. e4 e5 2. Nf3 Nc6 3. c3 Bd6 4. Bc4 Nf6 5. Ng5 Rf8 6. d3 h6 7. Nxf7 Rxf7 8.
Bxf7+ Kxf7 9. Qb3+ Kf8 10. Be3 Ng4 11. O-O Qh4 12. h3 h5 13. hxg4 hxg4 14. Nd2
Be7 15. Qd5 d6 16. Nc4 Bf6 17. g3 Qh3 18. Rad1 Ke7 19. Na5 Be6 20. Nxc6+ bxc6
21. Qxc6 Rh8 22. Qxc7+ Bd7 23. Bh6 Rxh6 24. Qxd7+ Kxd7 25. f3 Qxg3# {White
checkmated} 0-1

[Event "FICS rated standard game"]
[Site "FICS freechess.org"]
[Date "2018.01.14"]
[Round "?"]
[White "guire"]
[Black "StadinPera"]
[Result "0-1"]
[WhiteElo "1478"]
[BlackElo "1695"]
[PlyCount "58"]
[EventDate "2018.??.??"]

1. e4 e5 2. Nf3 Nc6 3. c3 Nf6 4. d3 d5 5. exd5 Qxd5 6. Be2 Be7 7. c4 Qd8 8. Bg5
O-O 9. Nc3 a6 10. O-O Bd7 11. Bxf6 Bxf6 12. Nd5 Nd4 13. Nxd4 exd4 14. Bg4 Bxg4
15. Qxg4 c6 16. Nxf6+ Qxf6 17. Rfe1 b5 18. cxb5 axb5 19. Re4 c5 20. b3 c4 21.
bxc4 bxc4 22. Rxd4 Rad8 23. dxc4 Rxd4 24. Qe2 Re4 25. Qd1 Rd8 26. Qc1 Rxc4 27.
Qe1 Re4 28. Qc1 Qe6 29. h3 Re8 {White resigns} 0-1

[Event "FICS rated blitz game"]
[Site "FICS freechess.org"]
[Date "2018.01.14"]
[Round "?"]
[White "BiH"]
[Black "ppgoulart"]
[Result "0-1"]
[WhiteElo "1644"]
[BlackElo "1622"]
[PlyCount "98"]
[EventDate "2018.??.??"]
[EventType "blitz"]

1. e4 e5 2. Nf3 Nc6 3. c3 Nf6 4. d4 exd4 5. e5 dxc3 6. exf6 cxb2 7. Bxb2 Bb4+
8. Nbd2 O-O 9. fxg7 Re8+ 10. Be2 d5 11. O-O Bg4 12. a3 Ba5 13. Nb3 Bb6 14. h3
Bh5 15. Qd2 d4 16. Rad1 d3 17. Qxd3 Qxd3 18. Bxd3 Bxf3 19. gxf3 Ne5 20. Be4 c6
21. Rd6 Nc4 22. Rh6 Nxb2 23. Bxh7+ Kxg7 24. Rh4 Rh8 25. Rb1 Rxh7 26. Rg4+ Kf6
27. Rxb2 Rxh3 28. Kg2 Rah8 29. Rf4+ Kg5 30. Rxf7 Rh2+ 31. Kf1 Rh1+ 32. Ke2 Re8+
33. Kd3 Rd1+ 34. Kc4 a5 35. Rxb7 Bd8 36. Nd4 Bf6 37. Nxc6 Bxb2 38. Rxb2 Rc1+
39. Kb5 Re6 40. Nxa5 Re5+ 41. Kb4 Rc7 42. Nc4 Rec5 43. Rc2 Kf4 44. Kb3 Kxf3 45.
Nd2+ Ke2 46. Rxc5 Rxc5 47. Nc4 Kxf2 48. Kb4 Rc8 49. a4 Rb8+ 0-1

[Event "FICS rated blitz game"]
[Site "FICS freechess.org"]
[Date "2018.01.14"]
[Round "?"]
[White "proximab"]
[Black "Geforce"]
[Result "1/2-1/2"]
[WhiteElo "2060"]
[BlackElo "2083"]
[PlyCount "68"]
[EventDate "2018.??.??"]
[EventType "blitz"]

1. e4 e5 2. Nf3 Nc6 3. c3 Bd6 4. Bc4 Nf6 5. Ng5 O-O 6. d3 Na5 7. Nxf7 Rxf7 8.
Bxf7+ Kxf7 9. b4 Nc6 10. b5 Ne7 11. O-O Ng6 12. Qb3+ Kf8 13. h3 Bc5 14. d4 Bb6
15. dxe5 Nxe5 16. Bg5 h6 17. Be3 d6 18. Bxb6 axb6 19. f4 Nd3 20. Qd1 Nc5 21. e5
Nfe4 22. c4 Be6 23. Qd4 Kg8 24. Re1 dxe5 25. Qxe5 Qf6 26. Rxe4 Nxe4 27. Qxe4
Qxa1 28. Qxe6+ Kh8 29. Qe4 Rd8 30. Kh2 Rd1 31. Qe8+ Kh7 32. Qe4+ Kh8 33. Qe8+
Kh7 34. Qe4+ Kh8 1/2-1/2

[Event "FICS rated blitz game"]
[Site "FICS freechess.org"]
[Date "2018.01.14"]
[Round "?"]
[White "jsssstplayinn"]
[Black "Jumpman"]
[Result "0-1"]
[WhiteElo "1580"]
[BlackElo "1555"]
[PlyCount "106"]
[EventDate "2018.??.??"]
[EventType "blitz"]

1. e4 e5 2. Nf3 Nc6 3. c3 Bc5 4. Bb5 Nge7 5. O-O a6 6. Ba4 b5 7. Bc2 O-O 8. b4
Bb6 9. d3 d6 10. Bg5 h6 11. Bh4 g5 12. Nxg5 hxg5 13. Bxg5 Qd7 14. h3 Ng6 15.
Qh5 Qe6 16. d4 exd4 17. cxd4 Bxd4 18. Nd2 Bxa1 19. Rxa1 Nce5 20. f4 Nxf4 21.
Bxf4 Qg6 22. Qe2 Bxh3 23. Nf3 Bg4 24. Bxe5 dxe5 25. Qf2 Bxf3 26. Qxf3 Rad8 27.
Rf1 Rd2 28. Bd1 Rfd8 29. Be2 Rxa2 30. Re1 Rdd2 31. Qe3 Qb6 32. Qxb6 cxb6 33.
Bf3 a5 34. bxa5 bxa5 35. Rb1 b4 36. Rc1 a4 37. Rc8+ Kg7 38. Rb8 b3 39. Rb5 b2
40. Rxe5 Ra1+ 41. Kh2 b1=Q 42. Rg5+ Kf6 43. Rf5+ Ke6 44. Bg4 Qxe4 45. Rf4+ Ke5
46. Rxe4+ Kxe4 47. Bf3+ Kf4 48. Kh3 Rf1 49. Kh2 Rxf3 50. Kg1 Ra3 51. Kh2 f5 52.
Kg1 Kg3 53. Kf1 Ra1# {White checkmated} 0-1

[Event "FICS rated blitz game"]
[Site "FICS freechess.org"]
[Date "2018.01.14"]
[Round "?"]
[White "Fullball"]
[Black "Aleboto"]
[Result "0-1"]
[WhiteElo "1107"]
[BlackElo "1181"]
[PlyCount "120"]
[EventDate "2018.??.??"]
[EventType "blitz"]

1. e4 e5 2. Nf3 Nc6 3. c3 d6 4. h3 h6 5. d4 exd4 6. Nxd4 Nxd4 7. cxd4 Qe7 8.
Nc3 Nf6 9. Bd3 b6 10. O-O Qd7 11. Bb5 c6 12. Be2 Bb7 13. Bf3 O-O-O 14. a4 h5
15. Bg5 Be7 16. Bxf6 Bxf6 17. Re1 Kb8 18. e5 dxe5 19. dxe5 Be7 20. Qxd7 Rxd7
21. Red1 Rhd8 22. Rxd7 Rxd7 23. Bxh5 g6 24. Bg4 Rd2 25. Rb1 Bc5 26. Ne4 Rc2 27.
Nxc5 Rxc5 28. e6 fxe6 29. Bxe6 Re5 30. Bf7 g5 31. b4 a6 32. Bh5 Re4 33. Bf3 Rd4
34. g3 Kc7 35. Kg2 Bc8 36. a5 b5 37. g4 Be6 38. Kg3 Rd3 39. Kg2 Rc3 40. Be4 c5
41. bxc5 Rxc5 42. Kg3 Rc4 43. f3 Ra4 44. Rc1+ Bc4 45. h4 gxh4+ 46. Kxh4 Kd6 47.
g5 Ke7 48. Kh5 Kf7 49. g6+ Kg7 50. f4 Be6 51. Rc7+ Kf6 52. Bc2 Rxf4 53. g7 Bf7+
54. Rxf7+ Kxf7 55. Bb3+ Kxg7 56. Kg5 Rb4 57. Bd5 Ra4 58. Bb7 Rxa5 59. Bc6 b4+
60. Bd5 Rxd5+ {White resigns} 0-1

[Event "FICS rated blitz game"]
[Site "FICS freechess.org"]
[Date "2018.01.14"]
[Round "?"]
[White "BiH"]
[Black "gargiulo"]
[Result "1-0"]
[WhiteElo "1679"]
[BlackElo "1628"]
[PlyCount "73"]
[EventDate "2018.??.??"]
[EventType "blitz"]

1. e4 e5 2. Nf3 Nc6 3. c3 d6 4. d4 Bg4 5. d5 Nce7 6. h3 Bh5 7. Bg5 f5 8. Qa4+
Qd7 9. Bb5 c6 10. dxc6 Nxc6 11. Nbd2 a6 12. exf5 Be7 13. Bxc6 bxc6 14. Qe4 Bxg5
15. Nxg5 Nf6 16. Qa4 O-O 17. g4 Bf7 18. O-O-O Bd5 19. Rhe1 Rfb8 20. Nde4 Nxe4
21. Nxe4 Rb6 22. Ng5 Rab8 23. Rd2 Qb7 24. Qa3 h6 25. Ne4 Bf7 26. Nxd6 Qe7 27.
c4 Rb4 28. Qc3 a5 29. Rxe5 Qg5 30. Nxf7 Kxf7 31. f6 gxf6 32. Rxg5 hxg5 33. Rd7+
Kg6 34. b3 a4 35. Qd3+ f5 36. Qxf5+ Kh6 37. Qh7# {Black checkmated} 1-0

[Event "FICS unrated blitz game"]
[Site "FICS freechess.org"]
[Date "2018.01.14"]
[Round "?"]
[White "Sharppunch"]
[Black "tigrotto"]
[Result "0-1"]
[WhiteElo "1717"]
[BlackElo "1563"]
[PlyCount "90"]
[EventDate "2018.??.??"]
[EventType "blitz"]

1. e4 e5 2. Nf3 Nc6 3. c3 Bc5 4. d4 exd4 5. cxd4 Bb4+ 6. Nc3 d5 7. e5 Nge7 8.
Be2 Be6 9. O-O Bxc3 10. bxc3 h6 11. Ba3 O-O 12. Nh4 Re8 13. Bh5 Nf5 14. Nxf5
Bxf5 15. f4 Na5 16. Qa4 Nc4 17. Bc1 c6 18. Be2 b5 19. Qa6 Qc7 20. a4 Qb6 21.
axb5 Qxa6 22. bxa6 Rab8 23. Ra4 Nb6 24. Rb4 Nd7 25. Ba3 Rxb4 26. Bxb4 Nb6 27.
h3 Be4 28. g4 f6 29. h4 Nc4 30. Bxc4 dxc4 31. Kf2 fxe5 32. fxe5 Bd3 33. Re1 Kf7
34. Bc5 Rb8 35. e6+ Ke8 36. Re5 Rb2+ 37. Kf3 Ra2 38. Bxa7 Rxa6 39. Bc5 Ra1 40.
Rf5 Rf1+ 41. Ke3 Rxf5 42. gxf5 Bxf5 43. Kf4 Bxe6 44. Ke5 Bd5 45. Kd6 Kf7 {
White resigns} 0-1

[Event "FICS rated blitz game"]
[Site "FICS freechess.org"]
[Date "2018.01.14"]
[Round "?"]
[White "sunrhades"]
[Black "AndrewAJ"]
[Result "1-0"]
[WhiteElo "1665"]
[BlackElo "1668"]
[PlyCount "49"]
[EventDate "2018.??.??"]
[EventType "blitz"]

1. e4 e5 2. Nf3 Nc6 3. c3 Bc5 4. d4 exd4 5. cxd4 Bb4+ 6. Nc3 d5 7. exd5 Qxd5 8.
Be3 Bg4 9. Be2 O-O-O 10. O-O Bxc3 11. bxc3 Nf6 12. Rb1 Ne7 13. c4 Qh5 14. Qb3
b6 15. c5 Nf5 16. cxb6 axb6 17. Ba6+ Kb8 18. Ne5 Rd6 19. Nxf7 Nxe3 20. fxe3 Be6
21. Qa4 Bxf7 22. Bd3 Qa5 23. Qc2 Nd5 24. Rxf7 Nxe3 25. Qxc7+ {Black resigns}
1-0

[Event "FICS rated blitz game"]
[Site "FICS freechess.org"]
[Date "2018.01.14"]
[Round "?"]
[White "ALSChess"]
[Black "leading"]
[Result "0-1"]
[WhiteElo "1202"]
[BlackElo "1279"]
[PlyCount "52"]
[EventDate "2018.??.??"]
[EventType "blitz"]

1. e4 e5 2. Nf3 Nc6 3. c3 Bc5 4. Bb5 Nge7 5. O-O O-O 6. h3 a6 7. Be2 d5 8. exd5
Nxd5 9. d3 h6 10. b4 Ba7 11. Bb2 Qf6 12. a3 Qg6 13. Nh2 Bxh3 14. Bf3 Nf4 15.
Ng4 Bxg4 16. Bxg4 h5 17. Bh3 Nxh3+ 18. Kh1 Nxf2+ 19. Rxf2 Bxf2 20. Qf3 Bg3 21.
Nd2 Rae8 22. Ne4 h4 23. Nxg3 hxg3 24. Bc1 e4 25. dxe4 Rxe4 26. Bd2 Ne5 {
White resigns} 0-1